Представление документа в формате MARC21

Поле Инд. ПП Название Значение
Тип записи a
Библиографический уровень b
001 Контрольный номер 02e5d97020634990b31f4bd7dc316dcf
005 Дата корректировки 20260630162156.4
024 80 a Стандартный номер 10.1007/JHEP06(2026)050
040 a Служба первич. каталог. Scopus
b Код языка каталог. rus
041 0_ a Код языка текста eng
097 a Костяева О.Г.
100 1_ a Автор Aboona B. E.
100 1_ a Автор Adam J.
100 1_ a Автор Agakishiev G.
100 1_ a Автор Averichev G. S.
c Титул (звания) старший научный сотрудник; кандидат физико-математических наук; доцент (должность);
i 000089005
g Прочие сведения РИНЦ AuthorID: 26675 (http://elibrary.ru/author_items.asp?authorid=26675); Scopus Author ID: 35226940300 (https://www.scopus.com/authid/detail.uri?authorId=35226940300)
k Кафедра информационных технологий; Институт системного анализа и управления
q Полное имя Аверичев Георгий Станиславович
u Дополнение Аверичев Г. С.
100 1_ a Автор Dedovich T. G.
c Титул (звания) ; кандидат физико-математических наук; доцент (должность);
i 000089052
g Прочие сведения РИНЦ AuthorID: 741798 (http://elibrary.ru/author_profile.asp?id= 741798); Scopus Author ID: 35227141700 (https://www.scopus.com/authid/detail.uri?authorId=35227141700)
k Кафедра системного анализа и управления; Институт системного анализа и управления
q Полное имя Дедович Татьяна Григорьевна
u Дополнение Дедович Т. Г.; Dedovich T. G.
100 1_ a Автор Tokarev M. V.
c Титул (звания) доцент (ученое звание); доктор физико-математических наук; заведующий кафедрой;
i 000090257
g Прочие сведения РИНЦ AuthorID: 26669 (http://elibrary.ru/author_items.asp?authorid=26669)
k Кафедра общей физики; Общеобразовательные кафедры
q Полное имя Токарев Михаил Владимирович
u Дополнение Токарев М. В.
245 10 a Заглавие Measurement of transverse polarization of Λ and hyperons inside jets in unpolarized proton-proton collisions at GeV
773 18 t Название источника Journal of High Energy Physics
b Сведения об издании Institute of Physics and IOP Publishing Ltd.
c Germany
d Место и дата издания 2026
m Специф. данные входит в Белый список; входит в Scopus; входит в WoS; входит в ядро РИНЦ; зарубежный журнал; ненулевой импакт-фактор
p JHEP; J. High Energy Phys.
o Прочие индексы scopus 1.00
q У1 Белый список
x ISSN 1126-6708
g Прочая информация P. 50
w Контрольный № источника ae36b43b6ed94c54b3ac8bc9f4d488f6
901 t Тип документа b
952 c Вид литературы статья в журнале